Teoretické aspekty kategórie hospodársky rast

Prezentácia postojov širšej vedeckej a odbornej komunity k problematike hospodárskeho rastu, resp. jeho udržateľnosti, či limitov. Príspevok je rozdelený do dvoch častí. Prvá časť obsahuje analýzu viacerých názorov, či názorových prúdov k danému problému. V druhej časti sú analyzované nedokonalosti...

Descrizione completa

Salvato in:
Dettagli Bibliografici
Autore principale: Žúdel, Branislav
Natura: Capitolo di libro
Lingua:slovacco
Soggetti:
Tags: Aggiungi Tag
Nessun Tag, puoi essere il primo ad aggiungerne!!

MARC

LEADER 00000nla$a2200000$$$4500
001 0065430
005 20240502071755.8
041 0 |a slo 
044 |a SK 
245 1 0 |a Teoretické aspekty kategórie hospodársky rast  |c Branislav Žúdel 
520 |a Prezentácia postojov širšej vedeckej a odbornej komunity k problematike hospodárskeho rastu, resp. jeho udržateľnosti, či limitov. Príspevok je rozdelený do dvoch častí. Prvá časť obsahuje analýzu viacerých názorov, či názorových prúdov k danému problému. V druhej časti sú analyzované nedokonalosti merania hospodárskeho rastu. 
610 2 0 |a rast hospodársky 
610 2 0 |a teórie rastu hospodárskeho 
610 2 0 |a meranie 
100 1 |a Žúdel, Branislav